| 000 | 00442nam a2200145Ia 4500 | ||
|---|---|---|---|
| 008 | 151213s9999 xx 000 0 und d | ||
| 100 | _aM.S. Haque, J.G. Mommie & R. S. Shrubrall | ||
| 245 |
_aEnglish for Today for Class - 7 _cM.S. Haque, J.G. Mommie & R. S. Shrubrall |
||
| 260 |
_aDhaka _bOranob _c2003 |
||
| 300 | _a2405 p. | ||
| 650 | _aEnglish | ||
| 650 | _aEnglish | ||
| 700 | _aM.S. Haque, J.G. Mommie & R. S. Shrubrall | ||
| 999 |
_c1681 _d1681 |
||